TEXT BOOK OF MICROBIOLOGY FOR NURSES (Record no. 8174)
[ view plain ]
| 000 -LEADER | |
|---|---|
| fixed length control field | 00334nam a22001457a 4500 |
| 003 - CONTROL NUMBER IDENTIFIER | |
| control field | SGT |
| 020 ## - INTERNATIONAL STANDARD BOOK NUMBER | |
| International Standard Book Number | 978 81 7371 718 5 |
| 082 ## - DEWEY DECIMAL CLASSIFICATION NUMBER | |
| Classification number | 616.01 |
| Item number | M15A |
| 100 ## - MAIN ENTRY--PERSONAL NAME | |
| Personal name | ASHBEE, H. RUTH |
| 245 ## - TITLE STATEMENT | |
| Title | TEXT BOOK OF MICROBIOLOGY FOR NURSES |
| 250 ## - EDITION STATEMENT | |
| Edition statement | 1ST |
| 260 ## - PUBLICATION, DISTRIBUTION, ETC. (IMPRINT) | |
| Place of publication, distribution, etc | DELHI |
| Name of publisher, distributor, etc | UNIVERSITY PRESS |
| Year of Publication | 2015 |
| 300 ## - PAGE DESCRIPTION | |
| No. of Pages | 302 |
| 942 ## - ADDED ENTRY ELEMENTS (KOHA) | |
| Source of classification or shelving scheme | Dewey Decimal Classification |
| Koha item type | Books |
| 942 ## - ADDED ENTRY ELEMENTS (KOHA) | |
| -- | 42 |
| Withdrawn status | Lost status | Source of classification or shelving scheme | Damaged status | Not for loan | Collection code | Home library | Current library | Shelving location | Date acquired | Vendor Name | Cost, normal purchase price | SGTU | Bill Number | Total Checkouts | Full call number | Accession No. (Barcode) | Date last seen | Date last borrowed | Bill Date | Koha item type | Total Renewals |
|---|---|---|---|---|---|---|---|---|---|---|---|---|---|---|---|---|---|---|---|---|---|
| Dewey Decimal Classification | NURSING | SGT Medical Library | SGT Medical Library | Text Book | 23/12/2015 | AHUJA BOOK COMPANY | 325.00 | SGTU | 6070 | 21 | 616.01 M15A | FN2951 | 24/01/2025 | 14/01/2025 | 11/08/2015 | Books | |||||
| Dewey Decimal Classification | NURSING | SGT Medical Library | SGT Medical Library | Text Book | 23/12/2015 | AHUJA BOOK COMPANY | 325.00 | SGTU | 6070 | 33 | 616.01 M15A | FN2952 | 20/01/2025 | 07/01/2025 | 11/08/2015 | Books | |||||
| Dewey Decimal Classification | NURSING | SGT Medical Library | SGT Medical Library | Text Book | 23/12/2015 | AHUJA BOOK COMPANY | 325.00 | SGTU | 6070 | 34 | 616.01 M15A | FN2953 | 08/09/2025 | 27/08/2025 | 11/08/2015 | Books | |||||
| Dewey Decimal Classification | NURSING | SGT Medical Library | SGT Medical Library | Text Book | 23/12/2015 | AHUJA BOOK COMPANY | 325.00 | SGTU | 6070 | 37 | 616.01 M15A | FN2954 | 09/01/2026 | 22/12/2025 | 11/08/2015 | Books | |||||
| Dewey Decimal Classification | NURSING | SGT Medical Library | SGT Medical Library | Text Book | 23/12/2015 | AHUJA BOOK COMPANY | 325.00 | SGTU | 6070 | 34 | 616.01 M15A | FN2955 | 08/11/2025 | 27/10/2025 | 11/08/2015 | Books | |||||
| Dewey Decimal Classification | NURSING | SGT Medical Library | SGT Medical Library | Text Book | 23/12/2015 | AHUJA BOOK COMPANY | 325.00 | SGTU | 6070 | 37 | 616.01 M15A | FN2956 | 20/01/2025 | 07/01/2025 | 11/08/2015 | Books | 2 |